000 00717nam a2200193Ia 4500
005 20241129110210.0
008 241129s9999||||xx |||||||||||||| ||und||
037 _aTB
040 _aARTS
_bhin
_cARTS
041 _ahin
_2hin
084 _aV27185.N<-A 152R1
_qARTS
245 0 _aछत्तीसगढ़ का राजनीतिक इतिहास: वैदिक काल से आधुनिक काल तक
260 _aनई दिल्ली, भारत
_bहिन्दी साहित्य सदन
_c2022
300 _a282पृ0
365 _aINR
_b500
650 _aHistory-Chattisgarah
_9727456
942 _cTB
_hV27185.N<-A 152R1
999 _c1227686
_d1227686